书目信息 |
| 题名: |
新型负微分电阻分子器件和铌酸锂型铁电体ZnTiO3的物性研究
|
|
| 作者: | 张静 著 | |
| 分册: | ||
| 出版信息: | 北京 中国水利水电出版社 2019.04 |
|
| 页数: | 189页 | |
| 开本: | 24cm | |
| 丛书名: | ||
| 单 册: | ||
| 中图分类: | O441.1 , O482.52 | |
| 科图分类: | ||
| 主题词: | 电阻--dian zu--器件--物理性质--研究 , 铁电体--tie dian ti--物理性质--研究 | |
| 电子资源: | ||
| ISBN: | 978-7-5170-7297-3 | |
| 000 | 01087nam0 2200265 450 | |
| 001 | 202019137547 | |
| 005 | 20191026133321.0 | |
| 010 | @a978-7-5170-7297-3@dCNY57.00 | |
| 100 | @a20191022d2019 em y0chiy50 ea | |
| 101 | 0 | @achi |
| 102 | @aCN@b110000 | |
| 105 | @aak a 000yy | |
| 106 | @ar | |
| 200 | 1 | @a新型负微分电阻分子器件和铌酸锂型铁电体ZnTiO3的物性研究@Axin xing fu wei fen dian zu fen zi qi jian he ni suan li xing tie dian ti ZnTiO3de wu xing yan jiu@f张静著 |
| 210 | @a北京@c中国水利水电出版社@d2019.04 | |
| 215 | @a189页@c图@d24cm | |
| 320 | @a有书目 (第183-189页) | |
| 330 | @a本书采用基于密度泛函理论的第一性原理计算方法, 对于新型铌酸锂性铁电体ZnTiO3的铁电电、压电和非线性光学等方面的物性, 进行了系统的研究。此外, 对于吡啶分子, 也考察了其自旋极化输运性质, 结果显示其呈现了有趣的负微分电阻和自旋过滤效应。 | |
| 606 | 0 | @a电阻@Adian zu@x器件@x物理性质@x研究 |
| 606 | 0 | @a铁电体@Atie dian ti@x物理性质@x研究 |
| 690 | @aO441.1@v5 | |
| 690 | @aO482.52@v5 | |
| 701 | 0 | @a张静@Azhang jing@4著 |
| 801 | 0 | @aCN@c20190905 |
| 905 | @a河南城建学院图书馆@dO441.1@eZ122 | |
| 新型负微分电阻分子器件和铌酸锂型铁电体ZnTiO3的物性研究/张静著.-北京:中国水利水电出版社,2019.04 |
| 189页:图;24cm |
| ISBN 978-7-5170-7297-3:CNY57.00 |
| 本书采用基于密度泛函理论的第一性原理计算方法, 对于新型铌酸锂性铁电体ZnTiO3的铁电电、压电和非线性光学等方面的物性, 进行了系统的研究。此外, 对于吡啶分子, 也考察了其自旋极化输运性质, 结果显示其呈现了有趣的负微分电阻和自旋过滤效应。 |
| ● |
| 相关链接 |
|
|
|
正题名:新型负微分电阻分子器件和铌酸锂型铁电体Zn
索取号:O441.1/Z122
 
预约/预借
| 序号 | 登录号 | 条形码 | 馆藏地/架位号 | 状态 | 备注 |
| 1 | 1446259 | 214462598 | 自科库401/401自科库 58排4列4层/ [索取号:O441.1/Z122] | 在馆 | |
| 2 | 1446260 | 214462605 | 自科库401/401自科库 58排4列4层/ [索取号:O441.1/Z122] | 在馆 |